1686 1270 1508 1436 1113 1545 1774 1077 1818 1287 1216 1016 1391 1900 1284 1049 1087 1423 1013 1155 1243 1735 1845 1282 1230 1594 1546 1828 1531 1816 1498 1787 1185 1181 1069 1327 1036 1330 1874 1545 1181 1551 1749 1664 1106 1096 1345 1190 1091 1730 1707 1473 1118 1626 1415 1096 1309 1322 1027 1338 1465 1739 1316 1341 1299 1569 1127 1751 1846 1238 1547 1856 1984 1914 1164 1144 1686 1440 1812 1411 1852 1117 1023 1225 1244 1129 1800 1648 1164 1794 1814 1959 1821 1503 1179 1743 1895 1010 1729 BCNSPRNW ULIB Ver.6.0+V

เปลี่ยนเป็นภาษาไทย

Change to English
 แสดงรายละเอียดบรรณานุกรม
  กลับหน้าหลัก

Brief Record : Get Marc (ISO 2709) : E-mail record : QR code < ปิดหน้าต่าง
LEADER : 00000nam 2200000uu 4500
001    13399126508
003     ULIB
008    181002s2560||||th 000 0 tha d
020    ^a9786164380875
060    ^aQV39 ค241
100    ^aพงศธร เผ่าพงษ์สวรรค์, บรรณาธิการ
245    ^aคู่มือการใช้ยาในเด็ก = Drug prescription in children
250    ^aพิมพ์ครั้งที่ 4
260    ^aขอนแก่น :^bภาควิชากุมารเวชศาสตร์ คณะแพทยศาสตร์ มหาวิทยาลัยขอนแก่น,^c2560
300    ^a176 หน้า :^bภาพประกอบ ;^c15 ซม.
650    ^aเด็ก -- โรค -- การรักษาด้วยยา -- คู่มือ
700    ^aกุณฑล วิชาจารย์, บรรณาธิการ
700    ^aภัทร วิรมย์รัตน์, บรรณาธิการ
710    ^aมหาวิทยาลัยขอนแก่น. คณะแพทยศาสตร์. ภาควิชากุมารเวชศาสตร์
945    ^p150^l0^i26704
945    ^p150^l0^i26705
945    ^p150^l0^i26706
945    ^p150^l0^i26707
945    ^p150^l0^i26708
945    ^p150^l0^i26709
945    ^p150^l0^i26703
945    ^p150^l0^i26702
945    ^p150^l0^i26701
945    ^p150^l0^i26700
999    ^aกัณชพร จุลอักษร
รายการนี้ยังไม่มีแท็ก
คุณยังไม่ได้ล็อกอิน คุณสามารถมีกิจกรรมร่วมกับเว็บไซต์ได้ แต่ต้องล็อกอินก่อน ::
  ล็อกอิน

รายการสื่อสารสนเทศ

ลำดับที่ ประเภท เลขเรียก/บาร์โค้ด สถานที่ สถานะ
1. หนังสือสำรอง
หนังสือสำรอง
QV39 ค241 ฉ.1 
  Barcode: 26700
ห้องสมุดวิทยาเขตนครสวรรค์
►หนังสือทั่วไป:l:General Books
บนชั้น
2. วิทยาศาสตร์การแพทย์ และสุขภาพ
วิทยาศาสตร์การแพทย์ และสุขภาพ
QV39 ค241 ฉ.10 
  Barcode: 26709
ห้องสมุดวิทยาเขตนครสวรรค์
►หนังสือทั่วไป:l:General Books
บนชั้น
3. วิทยาศาสตร์การแพทย์ และสุขภาพ
วิทยาศาสตร์การแพทย์ และสุขภาพ
QV39 ค241 ฉ.2 
  Barcode: 26701
ห้องสมุดวิทยาเขตนครสวรรค์
►หนังสือทั่วไป:l:General Books
บนชั้น
4. วิทยาศาสตร์การแพทย์ และสุขภาพ
วิทยาศาสตร์การแพทย์ และสุขภาพ
QV39 ค241 ฉ.3 
  Barcode: 26702
ห้องสมุดวิทยาเขตนครสวรรค์
►หนังสือทั่วไป:l:General Books
บนชั้น
5. วิทยาศาสตร์การแพทย์ และสุขภาพ
วิทยาศาสตร์การแพทย์ และสุขภาพ
QV39 ค241 ฉ.4 
  Barcode: 26703
ห้องสมุดวิทยาเขตนครสวรรค์
►หนังสือทั่วไป:l:General Books
บนชั้น
6. วิทยาศาสตร์การแพทย์ และสุขภาพ
วิทยาศาสตร์การแพทย์ และสุขภาพ
QV39 ค241 ฉ.5 
  Barcode: 26704
ห้องสมุดวิทยาเขตนครสวรรค์
►หนังสือทั่วไป:l:General Books
บนชั้น
7. วิทยาศาสตร์การแพทย์ และสุขภาพ
วิทยาศาสตร์การแพทย์ และสุขภาพ
QV39 ค241 ฉ.6 
  Barcode: 26705
ห้องสมุดวิทยาเขตนครสวรรค์
►หนังสือทั่วไป:l:General Books
บนชั้น
8. วิทยาศาสตร์การแพทย์ และสุขภาพ
วิทยาศาสตร์การแพทย์ และสุขภาพ
QV39 ค241 ฉ.7 
  Barcode: 26706
ห้องสมุดวิทยาเขตนครสวรรค์
►หนังสือทั่วไป:l:General Books
บนชั้น
9. วิทยาศาสตร์การแพทย์ และสุขภาพ
วิทยาศาสตร์การแพทย์ และสุขภาพ
QV39 ค241 ฉ.8 
  Barcode: 26707
ห้องสมุดวิทยาเขตนครสวรรค์
►หนังสือทั่วไป:l:General Books
บนชั้น
10. วิทยาศาสตร์การแพทย์ และสุขภาพ
วิทยาศาสตร์การแพทย์ และสุขภาพ
QV39 ค241 ฉ.9 
  Barcode: 26708
ห้องสมุดวิทยาเขตนครสวรรค์
►หนังสือทั่วไป:l:General Books
บนชั้น

รายการใกล้เคียง
    ชื่อเรื่อง [คู่มือการใช้ยาในเด็ก = Drug prescription in children]

    ผู้แต่ง [พงศธร เผ่าพงษ์สวรรค์, บรรณาธิการ]

    หัวเรื่อง [เด็ก -- โรค -- การรักษาด้วยยา -- คู่มือ]

BibComment


ยังไม่เคยถูกคอมเมนท์

คอมเมนท์ทรัพยากรรายการนี้
  คอมเมนท์: คู่มือการใช้ยาใน..


 Copyright 2026. Bcnsprnw @Library